000 nam a22 7a 4500
999 _c7407
_d7407
008 170829b xxu||||| |||| 00| 0 eng d
100 _93942
_aGupta.R.
245 _aProject work in Economics-12
260 _aNew delhi
_bGeeta Publications
_c2017